000 00625nam a2200193 i 4500
001 134540
003 ES-MaACL
005 20230906194709.0
007 t|
008 070911s1964 sp ||||1| spa d
100 1 _aYagüe Gil, Angel.
_9117537
245 1 3 _aEl zumaque como material curtiente /
_cAngel Yagüe Gil.
260 _aMadrid :
_bInstituto Forestal de Investigaciones y Experiencias,
_c1964.
300 _a40 p. :
_bil. ;
_c24 cm.
650 1 4 _aZumaque.
_917873
650 4 _aCurtido.
_9167412
710 2 _aInstituto Forestal de Investigaciones y Experiencias.
_95059
852 _aES-MaACL
_j2037-F-1
_bR.53735
999 _c134540
_d134540